[Event "Plzen, FSB A"]
[Site "?"]
[Date "2004.??.??"]
[Round "1.1"]
[White "Fruehauf, N."]
[Black "Cvek, R."]
[Result "0-1"]
[WhiteElo "2097"]
[BlackElo "2461"]
[PlyCount "70"]
[EventDate "2004.??.??"]
[Source "ChessBase"]
[SourceDate "1996.11.15"]

1. e4 c5 2. c3 Nf6 3. e5 Nd5 4. d4 cxd4 5. Qxd4 e6 6. Nf3 Nc6 7. Qe4 d6 8. Nbd2
a6 9. g3 Nb6 10. exd6 Bxd6 11. Bg2 O-O 12. O-O e5 13. Nb3 f5 14. Qe2 Be6 15.
Rd1 Bc4 16. Qc2 e4 17. Ne1 Qe7 18. Be3 Nd5 19. Nd4 Nxe3 20. fxe3 Ne5 21. Bf1
Bxf1 22. Kxf1 Rf6 23. Rd2 Ng4 24. Re2 Rh6 25. Kg1 Qg5 26. Qb3+ Kh8 27. Ne6 Qe7
28. Nf4 g5 29. Nd5 Qe5 30. c4 Nxh2 31. Rg2 Nf3+ 32. Kf2 Rh2 33. Qc3 Qxc3 34.
Nxc3 Rxg2+ 35. Nxg2 Be5 0-1

[Event "Plzen, FSB A"]
[Site "?"]
[Date "2004.??.??"]
[Round "1.2"]
[White "Gajewski, G."]
[Black "Novy, V."]
[Result "1-0"]
[WhiteElo "2439"]
[BlackElo "2093"]
[PlyCount "47"]
[EventDate "2004.??.??"]
[Source "ChessBase"]
[SourceDate "1996.11.15"]

1. e4 c5 2. Nc3 Nc6 3. Bb5 Nd4 4. Bc4 g6 5. Nf3 Bg7 6. Nxd4 cxd4 7. Qf3 Nh6 8.
Ne2 O-O 9. Bb3 d6 10. h4 a5 11. a4 Ng4 12. h5 Ne5 13. Qg3 Qb6 14. hxg6 hxg6 15.
d3 Be6 16. Qh4 Rfc8 17. Qh7+ Kf8 18. Bh6 Ke8 19. Bxe6 fxe6 20. Qxg7 Rxc2 21.
Bg5 Kd7 22. Qxe7+ Kc6 23. Rh7 Rc8 24. Nxd4+ 1-0

[Event "Plzen, FSB A"]
[Site "?"]
[Date "2004.??.??"]
[Round "1.3"]
[White "Bukacek, L."]
[Black "Neuman, P."]
[Result "1/2-1/2"]
[WhiteElo "2091"]
[BlackElo "2428"]
[PlyCount "49"]
[EventDate "2004.??.??"]
[Source "ChessBase"]
[SourceDate "1996.11.15"]

1. d4 Nf6 2. Bg5 d5 3. Bxf6 exf6 4. e3 c6 5. c4 Qb6 6. Qc1 Be6 7. c5 Qc7 8. Nc3
Be7 9. Bd3 f5 10. Nge2 Nd7 11. b4 Nf6 12. Rb1 b5 13. a4 a6 14. Ra1 O-O 15. O-O
g6 16. Qb2 Rab8 17. axb5 axb5 18. Ra3 Rb7 19. Rfa1 Rfb8 20. Ra8 Kg7 21. Rxb8
Qxb8 22. Qa3 Ne8 23. Qa8 Qxa8 24. Rxa8 Nc7 25. Ra1 {41 tahu} 1/2-1/2

[Event "Plzen, FSB A"]
[Site "?"]
[Date "2004.??.??"]
[Round "1.4"]
[White "Zawadzki, S."]
[Black "Reitinger, P."]
[Result "1-0"]
[WhiteElo "2428"]
[BlackElo "2090"]
[PlyCount "41"]
[EventDate "2004.??.??"]
[Source "ChessBase"]
[SourceDate "1996.11.15"]

1. e4 c5 2. Nc3 Nc6 3. Bb5 e6 4. Bxc6 bxc6 5. d3 d5 6. f4 Rb8 7. Nf3 Ba6 8. Qd2
c4 9. dxc4 dxe4 10. Qxd8+ Rxd8 11. Ne5 Nf6 12. Be3 Bb4 13. O-O Bxc3 14. bxc3
O-O 15. Rfd1 Rb8 16. Rab1 h5 17. h3 Rfd8 18. Rxd8+ Rxd8 19. Nxc6 Rd7 20. Nb8
Rb7 21. Rb3 1-0

[Event "Plzen, FSB A"]
[Site "?"]
[Date "2004.??.??"]
[Round "1.5"]
[White "de Cauter, W."]
[Black "Berescu, A."]
[Result "0-1"]
[WhiteElo "2089"]
[BlackElo "2404"]
[PlyCount "44"]
[EventDate "2004.??.??"]
[Source "ChessBase"]
[SourceDate "1996.11.15"]

1. e4 e6 2. b3 b6 3. Bb2 Bb7 4. Qe2 c5 5. g3 Nf6 6. Bg2 Qc7 7. d3 Be7 8. f4 d6
9. Nf3 Nc6 10. a4 O-O 11. O-O a6 12. Na3 d5 13. exd5 exd5 14. Rfe1 Rae8 15. Nh4
Nd4 16. Qf1 Ng4 17. Nf3 Bf6 18. Rab1 Ne3 19. Qf2 Nxg2 20. Rxe8 Nxf3+ 21. Qxf3
Rxe8 22. Bxf6 gxf6 0-1

[Event "Plzen, FSB A"]
[Site "?"]
[Date "2004.??.??"]
[Round "1.6"]
[White "Grunberg, M."]
[Black "Hejl, J."]
[Result "1-0"]
[WhiteElo "2403"]
[BlackElo "2081"]
[PlyCount "63"]
[EventDate "2004.??.??"]
[Source "ChessBase"]
[SourceDate "1996.11.15"]

1. Nf3 Nf6 2. c4 d5 3. cxd5 Nxd5 4. d4 Bg4 5. Ne5 Bf5 6. Nd2 Nb6 7. e4 Bg6 8.
Nxg6 hxg6 9. Nf3 e6 10. Be2 c5 11. Bg5 f6 12. Be3 cxd4 13. Nxd4 Bb4+ 14. Kf1 e5
15. Bb5+ Ke7 16. Qb3 Bd6 17. Qe6+ Kf8 18. Nb3 Qe7 19. Qxe7+ Kxe7 20. Na5 Rh4
21. f3 Na6 22. Nxb7 Nb4 23. Rd1 Nc2 24. Bf2 Bb4 25. a3 Rb8 26. axb4 Rxb7 27.
Bxh4 Ne3+ 28. Ke2 Nxd1 29. Rxd1 Rc7 30. Bd3 Na4 31. Bf2 Nxb2 32. Ra1 1-0

[Event "Plzen, FSB A"]
[Site "?"]
[Date "2004.??.??"]
[Round "1.7"]
[White "Malec, J."]
[Black "Heinzel, O."]
[Result "0-1"]
[WhiteElo "2079"]
[BlackElo "2402"]
[Annotator "Doe,John"]
[PlyCount "66"]
[EventDate "2004.??.??"]
[Source "ChessBase"]
[SourceDate "1996.11.15"]

1. d4 Nf6 2. c4 e5 3. d5 b5 4. Qc2 bxc4 5. e4 c6 6. Bxc4 cxd5 7. exd5 Bb4+ 8.
Bd2 Bxd2+ 9. Qxd2 O-O 10. Nc3 d6 11. Nge2 Nbd7 12. O-O Qc7 13. Bb5 Bb7 14. Rfc1
Qb6 15. b4 a6 16. Bd3 g6 17. Rab1 Ng4 18. Ng3 f5 19. h3 Ngf6 20. Qg5 Kh8 21.
Bc4 Rac8 22. Na4 Qd4 23. Ne2 {[%cal Gd4f2]} Qxf2+ $1 24. Kxf2 Ne4+ 25. Kg1 Nxg5
26. b5 a5 27. b6 Ne4 28. Rb5 Ba6 29. b7 Rxc4 30. Rxc4 Bxb5 31. Rc8 Kg8 32. Nb6
Nb8 33. Nc3 Ba6 0-1

[Event "Plzen, FSB A"]
[Site "?"]
[Date "2004.??.??"]
[Round "1.8"]
[White "Jurek, J."]
[Black "Mitterhuemer, G."]
[Result "1-0"]
[WhiteElo "2387"]
[BlackElo "2075"]
[PlyCount "33"]
[EventDate "2004.??.??"]
[Source "ChessBase"]
[SourceDate "1996.11.15"]

1. Nf3 d5 2. c4 c6 3. d4 Nf6 4. Qc2 Bg4 5. Ne5 Bh5 6. Qb3 Qc8 7. cxd5 Nxd5 8.
e4 Nf6 9. Nc3 Nbd7 10. Nxd7 Nxd7 11. Be3 b6 12. d5 c5 13. Bb5 Qc7 14. O-O a6
15. d6 exd6 16. Bxd7+ Kxd7 17. Qd5 1-0

[Event "Plzen, FSB A"]
[Site "?"]
[Date "2004.??.??"]
[Round "1.9"]
[White "Vrana, J."]
[Black "Cernousek, L."]
[Result "0-1"]
[WhiteElo "2074"]
[BlackElo "2378"]
[PlyCount "154"]
[EventDate "2004.??.??"]
[Source "ChessBase"]
[SourceDate "1996.11.15"]

1. e4 c5 2. c3 b6 3. d4 Bb7 4. Bd3 Nf6 5. Nd2 cxd4 6. cxd4 Nc6 7. Ngf3 Nb4 8.
Bb1 Ba6 9. Ne5 e6 10. a3 Nc6 11. Ndf3 Be7 12. Bd3 Bxd3 13. Qxd3 O-O 14. O-O Rc8
15. Bg5 h6 16. Bxf6 Bxf6 17. Ng4 Be7 18. d5 exd5 19. Qxd5 d6 20. Rac1 Qd7 21.
h3 Rfd8 22. Rfd1 Qe8 23. b3 Rc7 24. Nd4 Rdc8 25. Nb5 Rb7 26. Nxd6 Bxd6 27. Qxd6
Qxe4 28. Re1 Qg6 29. Qxg6 fxg6 30. Ne5 Rbc7 31. Nxg6 Kh7 32. Ne5 Nd4 33. Rxc7
Rxc7 34. b4 Rc3 35. Re3 Rc1+ 36. Kh2 Rc2 37. Nf3 Nf5 38. Re5 Kg6 39. Re6+ Kh7
40. Re5 Kg6 41. Re6+ Kf7 42. Rc6 Rxf2 43. Rc7+ Kf6 44. Kg1 Ra2 45. Rxa7 Ne3 46.
g4 Rg2+ 47. Kh1 Rg3 48. Ng1 Nc2 49. Rc7 Nxa3 50. Rc6+ Kg5 51. Rxb6 Rb3 52. Kg2
Kf4 53. Ne2+ Ke3 54. Re6+ Kd2 55. Ng3 Nc2 56. Ne4+ Ke2 57. Nc5+ Ne3+ 58. Kg3
Rxb4 59. Re7 g5 60. Re6 Rf4 61. Nd7 Rf3+ 62. Kh2 Rf2+ 63. Kh1 Rf1+ 64. Kh2 Rf2+
65. Kh1 Rf7 66. Nf6 Kf3 67. Nh5 Nd5 68. Re5 Nf4 69. Nxf4 gxf4 70. Ra5 Kg3 71.
g5 Rb7 72. Ra1 hxg5 73. Rg1+ Kxh3 74. Ra1 g4 75. Ra3+ f3 76. Ra1 Rb2 77. Kg1 g3
0-1

[Event "Plzen, FSB A"]
[Site "?"]
[Date "2004.??.??"]
[Round "1.10"]
[White "Michalek, J."]
[Black "Kriz, L."]
[Result "0-1"]
[WhiteElo "2377"]
[BlackElo "2072"]
[PlyCount "132"]
[EventDate "2004.??.??"]
[Source "ChessBase"]
[SourceDate "1996.11.15"]

1. e4 e5 2. Bc4 Nf6 3. d3 d5 4. exd5 Nxd5 5. Qh5 Nc6 6. Bg5 Qd6 7. Nd2 Nd4 8.
Rc1 Bf5 9. c3 Bg6 10. Qd1 Ne6 11. Ne4 Bxe4 12. dxe4 Nxc3 13. Qxd6 Bxd6 14. Bxe6
Nxe4 15. Bd5 Nxg5 16. Bxb7 Rb8 17. Bc6+ Ke7 18. b3 Bb4+ 19. Ke2 Rhd8 20. Rc2
Ne6 21. Nf3 Nf4+ 22. Ke3 Nxg2+ 23. Ke4 g6 24. Nxe5 f5+ 25. Kf3 Ne1+ 26. Rxe1
Bxe1 27. Ba4 c5 28. a3 Rdc8 29. Re2 Bc3 30. Nc6+ Kf6 31. Nxb8 Rxb8 32. Re8 Rb7
33. Rf8+ Kg5 34. Rc8 Bd4 35. h3 Kh4 36. Kg2 h5 37. b4 f4 38. Bc6 Rb6 39. b5 a6
40. a4 axb5 41. axb5 g5 42. f3 c4 43. Rd8 Bf6 44. Rd1 c3 45. Kf2 Rb8 46. Ke2
Kxh3 47. Rh1+ Kg2 48. Rxh5 Rd8 49. Be4 Rd2+ 50. Ke1 Rb2 51. Rh6 Bd4 52. Rd6
Bf2+ 53. Kd1 Rxb5 54. Rd5 Rxd5+ 55. Bxd5 Be3 56. Be4 g4 57. fxg4+ f3 58. Kc2
Bd4 59. Kd3 Kg3 60. g5 Kf4 61. Bd5 f2 62. Bg2 Kxg5 63. Ke2 Kf4 64. Bh3 Be3 65.
Kd3 Kg3 66. Bf1 Bd4 0-1

[Event "Plzen, FSB A"]
[Site "?"]
[Date "2004.??.??"]
[Round "1.11"]
[White "Ondrejat, M."]
[Black "Hagarova, Z."]
[Result "0-1"]
[WhiteElo "2072"]
[BlackElo "2330"]
[PlyCount "84"]
[EventDate "2004.??.??"]
[Source "ChessBase"]
[SourceDate "1996.11.15"]

1. e4 c5 2. Nf3 Nc6 3. d4 cxd4 4. Nxd4 Nf6 5. Nc3 e5 6. Ndb5 d6 7. Bg5 a6 8.
Na3 b5 9. Nd5 Be7 10. Bxf6 Bxf6 11. c3 O-O 12. Nc2 Bg5 13. a4 bxa4 14. Rxa4 a5
15. Bc4 Rb8 16. b3 Kh8 17. O-O f5 18. exf5 Bxf5 19. Nce3 Bg6 20. Qe2 e4 21.
Rfa1 Bh4 22. g3 Ne5 23. Rxa5 Nf3+ 24. Kh1 Bg5 25. Qa2 Bh5 26. Bf1 Ne5 27. Bg2
Nd3 28. Nf4 Bxf4 29. gxf4 Qh4 30. Rf1 Rxf4 31. Ra8 Rbf8 32. Kg1 Ne5 33. Rxf8+
Rxf8 34. Nf5 Qg5 35. Ng3 Nf3+ 36. Kh1 Qh4 37. h3 Bg4 38. Ra1 Bxh3 39. Bxf3 exf3
40. Qa8 Rxa8 41. Rxa8+ Bc8+ 42. Kg1 Qh3 0-1

[Event "Plzen, FSB A"]
[Site "?"]
[Date "2004.??.??"]
[Round "1.12"]
[White "Plischki, S."]
[Black "Spiesberger, G."]
[Result "1-0"]
[WhiteElo "2325"]
[BlackElo "2070"]
[PlyCount "51"]
[EventDate "2004.??.??"]
[Source "ChessBase"]
[SourceDate "1996.11.15"]

1. d4 e6 2. c4 Bb4+ 3. Nd2 f5 4. g3 Nf6 5. Bg2 O-O 6. a3 Bxd2+ 7. Qxd2 d5 8.
Nf3 c6 9. Qc2 Qe8 10. O-O Ne4 11. Ne5 Nd7 12. Nd3 Nd6 13. b3 dxc4 14. bxc4 e5
15. dxe5 Nxe5 16. Nxe5 Qxe5 17. Bf4 Qc5 18. Bxd6 Qxd6 19. c5 Qh6 20. e3 Be6 21.
Rab1 Rf7 22. Rfd1 Qf6 23. Rd6 Rd8 24. Rbd1 Rfd7 25. Rxd7 Bxd7 26. Qb3+ 1-0

[Event "Plzen, FSB A"]
[Site "?"]
[Date "2004.??.??"]
[Round "1.14"]
[White "Novak, P."]
[Black "Valickova, M."]
[Result "1-0"]
[WhiteElo "2323"]
[BlackElo "2063"]
[PlyCount "59"]
[EventDate "2004.??.??"]
[Source "ChessBase"]
[SourceDate "1996.11.15"]

1. e4 e5 2. Nf3 Nc6 3. Bb5 a6 4. Ba4 Nf6 5. d4 exd4 6. O-O Be7 7. Re1 O-O 8. e5
Nd5 9. Nxd4 Nxd4 10. Qxd4 Nb6 11. Bb3 d5 12. exd6 Bf6 13. Qf4 Qxd6 14. Qxd6
cxd6 15. Nc3 Bxc3 16. bxc3 d5 17. Ba3 Rd8 18. Be7 Be6 19. Bxd8 Rxd8 20. Rad1
Rc8 21. Rd4 a5 22. f4 g6 23. Re3 Kg7 24. g4 Bxg4 25. Bxd5 Nxd5 26. Rxd5 b6 27.
Rd6 Rb8 28. c4 Rc8 29. Rc3 b5 30. Rg3 1-0

[Event "Plzen, FSB A"]
[Site "?"]
[Date "2004.??.??"]
[Round "1.16"]
[White "Petr, M."]
[Black "Vachtfeidl, P."]
[Result "1-0"]
[WhiteElo "2307"]
[BlackElo "2060"]
[PlyCount "55"]
[EventDate "2004.??.??"]
[Source "ChessBase"]
[SourceDate "1996.11.15"]

1. e4 c5 2. Nf3 d6 3. d4 cxd4 4. Nxd4 Nf6 5. Nc3 a6 6. f3 e6 7. Be3 b5 8. g4 h6
9. Qd2 Nbd7 10. O-O-O b4 11. Na4 d5 12. Bf4 Qa5 13. b3 dxe4 14. Bc4 Bb7 15.
fxe4 Nc5 16. Qe2 Nxa4 17. bxa4 Nxe4 18. Nxe6 fxe6 19. Bxe6 Be7 20. Rhf1 Rd8 21.
Qc4 Qxa4 22. Rxd8+ Bxd8 23. Bf7+ Kf8 24. Bg6 Qa3+ 25. Kb1 Nc3+ 26. Qxc3 Bf6 27.
Bd6+ Kg8 28. Qc4+ 1-0

[Event "Plzen, FSB A"]
[Site "?"]
[Date "2004.??.??"]
[Round "1.17"]
[White "Kamenik, M."]
[Black "Cifka, S."]
[Result "0-1"]
[WhiteElo "2057"]
[BlackElo "2302"]
[PlyCount "72"]
[EventDate "2004.??.??"]
[Source "ChessBase"]
[SourceDate "1996.11.15"]

1. e4 e6 2. d4 d5 3. Nd2 c5 4. exd5 Qxd5 5. Ngf3 cxd4 6. Bc4 Qd6 7. O-O Nf6 8.
Re1 Nc6 9. Nb3 a6 10. Nbxd4 Nxd4 11. Nxd4 Qc7 12. Bb3 Bd6 13. g3 O-O 14. Bg5 b5
15. Bxf6 gxf6 16. Qh5 Bb7 17. c3 Be5 18. Rad1 f5 19. Re3 Kh8 20. Kf1 Rad8 21.
Qh4 Rg8 22. Rde1 Rg4 23. Qh6 Rg6 24. Qh5 Bxd4 25. cxd4 Rxd4 26. Rc3 Qb6 27. Qe2
Re4 28. Qd2 Rg8 29. Rd1 b4 30. Re3 Rxe3 31. Qxe3 Qxe3 32. fxe3 Bc6 33. Bc4 a5
34. b3 Kg7 35. Rd4 Kf6 36. Ke2 Be4 {67 tahu} 0-1

[Event "Plzen, FSB A"]
[Site "?"]
[Date "2004.??.??"]
[Round "1.18"]
[White "Studnicka, T."]
[Black "Cvikl, M."]
[Result "1-0"]
[WhiteElo "2302"]
[BlackElo "2056"]
[PlyCount "57"]
[EventDate "2004.??.??"]
[Source "ChessBase"]
[SourceDate "1996.11.15"]

1. d4 Nf6 2. c4 g6 3. Nc3 d5 4. cxd5 Nxd5 5. Nf3 Bg7 6. e4 Nxc3 7. bxc3 O-O 8.
Be2 c5 9. O-O Nc6 10. Be3 Qa5 11. Qb3 Rd8 12. Bc4 Rf8 13. Rab1 cxd4 14. cxd4
Qh5 15. Qc2 a6 16. Be2 Qa5 17. d5 Ne5 18. Nxe5 Bxe5 19. Rfc1 Qd8 20. f4 Bb8 21.
a4 f5 22. e5 g5 23. Bc4 Kg7 24. Qc3 gxf4 25. Bxf4 e6 26. Qg3+ Kh8 27. Bg5 f4
28. Qh4 Qd7 29. Bf6+ 1-0

[Event "Plzen, FSB A"]
[Site "?"]
[Date "2004.??.??"]
[Round "1.19"]
[White "Spirek, A."]
[Black "Rehorek, M."]
[Result "0-1"]
[WhiteElo "2049"]
[BlackElo "2300"]
[PlyCount "80"]
[EventDate "2004.??.??"]
[Source "ChessBase"]
[SourceDate "1996.11.15"]

1. e4 c5 2. Nf3 e6 3. d3 Nc6 4. g3 Nf6 5. Bg2 d6 6. O-O Be7 7. Nc3 O-O 8. d4
cxd4 9. Nxd4 a6 10. Be3 Qc7 11. f4 Bd7 12. Nb3 b5 13. a3 Rad8 14. g4 Bc8 15. g5
Nd7 16. Qh5 Rfe8 17. Rf3 Nf8 18. Rh3 b4 19. Na4 Qb7 20. Bb6 d5 21. Bxd8 Rxd8
22. e5 bxa3 23. bxa3 Qa7+ 24. Kh1 Nd4 25. Rc3 Bd7 26. Qd1 Nb5 27. Rd3 Rc8 28.
Nd4 Rc4 29. c3 Nxd4 30. Nb2 Nf5 31. Nxc4 dxc4 32. Rh3 Ne3 33. Rxe3 Qxe3 34. Qd4
Qxd4 35. cxd4 Ba4 36. Rc1 Bb3 37. d5 Bxa3 38. Ra1 Bb2 39. Rxa6 c3 40. Be4 Bxd5
0-1

[Event "Plzen, FSB A"]
[Site "?"]
[Date "2004.??.??"]
[Round "1.20"]
[White "Gross, S."]
[Black "Vladyka, V."]
[Result "1-0"]
[WhiteElo "2294"]
[BlackElo "2048"]
[PlyCount "85"]
[EventDate "2004.??.??"]
[Source "ChessBase"]
[SourceDate "1996.11.15"]

1. Nf3 Nf6 2. c4 c5 3. Nc3 Nc6 4. e3 g6 5. d4 cxd4 6. exd4 d6 7. d5 Nb8 8. Be2
Bg7 9. Be3 O-O 10. O-O Bg4 11. h3 Bxf3 12. Bxf3 Nbd7 13. Be2 a6 14. Rc1 Rc8 15.
Qd2 Re8 16. b3 Nf8 17. Na4 N6d7 18. Qb4 Rc7 19. Rfd1 Qb8 20. Nb6 Nxb6 21. Bxb6
Rcc8 22. Bg4 f5 23. Be2 Nd7 24. Be3 Qc7 25. Qd2 Nf6 26. Bf3 Qd7 27. b4 Rf8 28.
c5 Ne4 29. Bxe4 fxe4 30. c6 bxc6 31. dxc6 Qf5 32. a4 Kh8 33. Qd5 Be5 34. b5 e6
35. Qd2 axb5 36. axb5 g5 37. Qe2 d5 38. b6 Rf7 39. Qg4 d4 40. Rxd4 Bf4 41. Qxf5
exf5 42. b7 Rxb7 43. cxb7 1-0

[Event "Plzen, FSB A"]
[Site "?"]
[Date "2004.??.??"]
[Round "1.21"]
[White "Vinklarek, O."]
[Black "Bensch, P."]
[Result "0-1"]
[WhiteElo "2044"]
[BlackElo "2288"]
[PlyCount "96"]
[EventDate "2004.??.??"]
[Source "ChessBase"]
[SourceDate "1996.11.15"]

1. e4 c5 2. Nc3 Nc6 3. f4 g6 4. Nf3 Bg7 5. Bc4 e6 6. f5 Nge7 7. fxe6 fxe6 8. d3
d5 9. Bb3 b5 10. exd5 exd5 11. O-O Bxc3 12. bxc3 c4 13. Ng5 Bf5 14. Qe2 Qd7 15.
dxc4 dxc4 16. Bxc4 bxc4 17. Qxc4 Qd5 18. Qh4 O-O-O 19. Qa4 Kb7 20. Rb1+ Ka8 21.
Rb5 Bxc2 22. Qa6 Qd7 23. c4 Nd4 24. Re5 Nec6 25. Ree1 Rhf8 26. Ba3 Rxf1+ 27.
Rxf1 h6 28. Nf7 Rb8 29. Nd6 Rb6 30. Rf8+ Nb8 31. Qa5 Rxd6 32. Bxd6 Qxd6 33. Rd8
Ndc6 34. Rxd6 Nxa5 35. Rd4 Kb7 36. Kf2 Nbc6 37. Rf4 h5 38. Ke3 Kb6 39. Kd2 Bb1
40. a3 Kc5 41. Kc3 Ne5 42. Rf8 Naxc4 43. Rc8+ Kd5 44. Rb8 Be4 45. g3 Nxa3 46.
Ra8 Nc6 47. h3 Nb5+ 48. Kd2 a5 0-1

[Event "Plzen, FSB A"]
[Site "?"]
[Date "2004.??.??"]
[Round "1.22"]
[White "Zawadzka, J."]
[Black "Cecil, P."]
[Result "1/2-1/2"]
[WhiteElo "2272"]
[BlackElo "2042"]
[PlyCount "120"]
[EventDate "2004.??.??"]
[Source "ChessBase"]
[SourceDate "1996.11.15"]

1. e4 e6 2. d4 d5 3. Nc3 dxe4 4. Nxe4 Nd7 5. Nf3 Ngf6 6. Bd3 Nxe4 7. Bxe4 Nf6
8. Bg5 Be7 9. Bxf6 Bxf6 10. Qd3 Qd6 11. O-O-O Bd7 12. Rhe1 O-O-O 13. Ne5 Bxe5
14. dxe5 Qxd3 15. Rxd3 Bb5 16. Rg3 f5 17. exf6 gxf6 18. Rb3 Ba6 19. f4 Rd6 20.
g4 Rhd8 21. Rbe3 h6 22. b3 Rd2 23. h3 Rf2 24. Rf3 Rdd2 25. Ree3 Kd7 26. Rxf2
Rxf2 27. Rf3 Rxf3 28. Bxf3 b6 29. Kd2 Kd6 30. Ke3 e5 31. c3 Bc8 32. Be4 Be6 33.
Bc2 a5 34. Ke4 Bg8 35. fxe5+ fxe5 36. Kf3 a4 37. h4 axb3 38. axb3 Bf7 39. g5
hxg5 40. hxg5 Bh5+ 41. Ke3 Ke6 42. Bh7 Bd1 43. Kd3 c5 44. b4 cxb4 45. cxb4 Bg4
46. Ke4 Bd1 47. Bf5+ Kd6 48. Kd3 Bf3 49. Be4 Bg4 50. Kc4 Bd7 51. Bh7 Bc6 52.
Bg8 Be8 53. Bh7 Bc6 54. Kd3 Ke6 55. Ke3 Kf7 56. Be4 Ba4 57. Kf3 Kg7 58. Kg4
Bd7+ 59. Bf5 Bb5 60. Be4 Bd7+ 1/2-1/2

[Event "Plzen, FSB A"]
[Site "?"]
[Date "2004.??.??"]
[Round "1.23"]
[White "Sladek, J."]
[Black "Wiesinger, R."]
[Result "0-1"]
[WhiteElo "2042"]
[BlackElo "2265"]
[PlyCount "80"]
[EventDate "2004.??.??"]
[Source "ChessBase"]
[SourceDate "1996.11.15"]

1. e4 e5 2. Nf3 Nc6 3. Bc4 Bc5 4. b4 Bxb4 5. c3 Ba5 6. d4 exd4 7. O-O Nge7 8.
cxd4 d5 9. exd5 Nxd5 10. Ba3 Nce7 11. Qa4+ c6 12. Bxd5 Nxd5 13. Nbd2 f6 14. Ne4
Bc7 15. Rfe1 Kf7 16. Qb3 Rb8 17. h4 Re8 18. Neg5+ fxg5 19. Rxe8 Kxe8 20. Re1+
Kd7 21. Nxg5 Qf6 22. Nxh7 Qxh4 23. Nf8+ Kd8 24. g3 Qg4 25. Qd3 Bf5 26. Qd2 Bxg3
27. Qe2 Qxe2 28. Rxe2 Bh4 29. Re5 Be7 30. Rxf5 Bxa3 31. Ne6+ Kd7 32. Nxg7 Rf8
33. Rxf8 Bxf8 34. Nh5 b5 35. f4 Ke6 36. Kf2 Bd6 37. Kf3 Bxf4 38. Ke4 a5 39.
Ng7+ Kf7 40. Nh5 Bd6 0-1

[Event "Plzen, FSB A"]
[Site "?"]
[Date "2004.??.??"]
[Round "1.24"]
[White "Ionica, I."]
[Black "Kudlacek, J."]
[Result "0-1"]
[WhiteElo "2264"]
[BlackElo "2039"]
[PlyCount "92"]
[EventDate "2004.??.??"]
[Source "ChessBase"]
[SourceDate "1996.11.15"]

1. e4 b6 2. d4 Bb7 3. Bd3 e6 4. Nf3 c5 5. c3 cxd4 6. cxd4 Nf6 7. e5 Nd5 8. O-O
Nc6 9. Nc3 Nce7 10. Bg5 h6 11. Ne4 Qb8 12. Nd6+ Kd8 13. Nxf7+ Ke8 14. Nxh8 hxg5
15. Nxg5 Nf4 16. Be4 Nf5 17. g3 Nh3+ 18. Nxh3 Bxe4 19. Qh5+ Kd8 20. Nf7+ Kc7
21. Rac1+ Kb7 22. Nfg5 Bc6 23. Rfd1 Qe8 24. Qe2 Be7 25. Ne4 Qg6 26. f3 Rh8 27.
Nf4 Qh6 28. d5 exd5 29. Nxd5 Bxd5 30. f4 Bc6 31. Rc2 Qe6 32. b3 Re8 33. Qd3 Rd8
34. a4 a5 35. Nf2 g5 36. fxg5 Bxg5 37. Re2 Re8 38. Ne4 Be7 39. Rc1 Ba3 40. Ra1
Bb4 41. Nf2 Bc5 42. Rc1 Nd4 43. Re4 Bxe4 44. Qxe4+ d5 45. Qe3 Qf5 46. g4 Nf3+
0-1

[Event "Plzen, FSB A"]
[Site "?"]
[Date "2004.??.??"]
[Round "1.25"]
[White "Bonetti, C."]
[Black "Zeleny, T."]
[Result "0-1"]
[WhiteElo "2032"]
[BlackElo "2254"]
[PlyCount "47"]
[EventDate "2004.??.??"]
[Source "ChessBase"]
[SourceDate "1996.11.15"]

1. c4 Nf6 2. g3 c5 3. Bg2 d5 4. cxd5 Nxd5 5. Nc3 Nc7 6. Nf3 Nc6 7. O-O e5 8. d3
Be7 9. Nd2 Be6 10. Bxc6+ bxc6 11. Qa4 Qd7 12. Nc4 f6 13. Bd2 Nd5 14. Rac1 O-O
15. Rfd1 Nb6 16. Qc2 Nxc4 17. dxc4 Bxc4 18. Be3 Qh3 19. Na4 Bd5 20. f3 c4 21.
Nc5 f5 22. Bf2 e4 23. Rxd5 cxd5 24. f4 0-1

[Event "Plzen, FSB A"]
[Site "?"]
[Date "2004.??.??"]
[Round "1.26"]
[White "Folk, P."]
[Black "Goldobin, T."]
[Result "1-0"]
[WhiteElo "2245"]
[BlackElo "2027"]
[PlyCount "83"]
[EventDate "2004.??.??"]
[Source "ChessBase"]
[SourceDate "1996.11.15"]

1. e4 c6 2. c4 d5 3. exd5 cxd5 4. cxd5 Nf6 5. Nc3 Nxd5 6. Nf3 Nc6 7. d4 e6 8.
Bd3 Be7 9. O-O O-O 10. Re1 Nxc3 11. bxc3 Qa5 12. Bd2 Qh5 13. Bf4 Rd8 14. Be4
Bd6 15. Qd2 Qg4 16. Bxd6 Rxd6 17. h3 Qh5 18. Qf4 Rd8 19. g4 Qh6 20. Ng5 f5 21.
Bc2 Ne7 22. Nxe6 Qxf4 23. Nxf4 Kf8 24. g5 Nd5 25. Nxd5 Rxd5 26. f4 g6 27. Kf2
Bd7 28. Bb3 Rd6 29. Re3 Re8 30. Rxe8+ Bxe8 31. Ke3 b6 32. d5 Bf7 33. Kd4 Ke7
34. Re1+ Kd8 35. c4 Rd7 36. Ba4 Rc7 37. Bc6 Re7 38. Re5 Rc7 39. Re1 Re7 40.
Rxe7 Kxe7 41. Ke5 Bg8 42. Bb5 1-0

[Event "Plzen, FSB A"]
[Site "?"]
[Date "2004.??.??"]
[Round "1.27"]
[White "Jenicek, E."]
[Black "Franchini, G."]
[Result "1/2-1/2"]
[WhiteElo "2021"]
[BlackElo "2215"]
[PlyCount "51"]
[EventDate "2004.??.??"]
[Source "ChessBase"]
[SourceDate "1996.11.15"]

1. Nf3 Nf6 2. c4 Nc6 3. d4 d6 4. Nc3 Bg4 5. d5 Ne5 6. Nxe5 dxe5 7. f3 Bd7 8. e4
e6 9. Be3 exd5 10. cxd5 Bd6 11. a3 Qe7 12. Nb5 O-O 13. Nxd6 cxd6 14. Qd2 Ne8
15. g4 g6 16. Bd3 Kh8 17. h4 Ng7 18. h5 gxh5 19. gxh5 f5 20. h6 Ne8 21. f4 fxe4
22. Be2 Bf5 23. fxe5 dxe5 24. O-O-O Rc8+ 25. Kb1 Nd6 26. Ka2 1/2-1/2

[Event "Plzen, FSB A"]
[Site "?"]
[Date "2004.??.??"]
[Round "1.28"]
[White "Simunek, A."]
[Black "Zimmer, C."]
[Result "1-0"]
[WhiteElo "2200"]
[BlackElo "2020"]
[PlyCount "99"]
[EventDate "2004.??.??"]
[Source "ChessBase"]
[SourceDate "1996.11.15"]

1. e4 d5 2. exd5 Nf6 3. d4 Nxd5 4. Nf3 g6 5. Be2 Bg7 6. O-O O-O 7. c4 Nb6 8. a4
Nc6 9. a5 Nd7 10. Nc3 a6 11. Bg5 Nf6 12. Qd2 Bf5 13. d5 Nb8 14. Nd4 Qc8 15. Bh6
c6 16. Bxg7 Kxg7 17. Na4 Nbd7 18. Nxf5+ gxf5 19. Qg5+ Kh8 20. Qxf5 Rg8 21. Bf3
cxd5 22. cxd5 Qc7 23. Nc3 Ne5 24. Rfe1 Nxf3+ 25. Qxf3 Ng4 26. g3 Ne5 27. Qe4 f6
28. f4 Nc4 29. Na4 Nd2 30. Qe3 Nc4 31. Qd4 Nxa5 32. Rac1 Qd6 33. Rc3 Rad8 34.
Nb6 Nc6 35. Qc5 Nb4 36. Rxe7 Nxd5 37. Nxd5 Qxd5 38. Qxd5 Rxd5 39. Rcc7 Rgd8 40.
Rxh7+ Kg8 41. Rcg7+ Kf8 42. Rxb7 Kg8 43. Kg2 a5 44. Kh3 Rd2 45. Kg4 Rxb2 46.
Rbg7+ Kf8 47. Ra7 Kg8 48. Kf5 Rd5+ 49. Kg6 Rb8 50. Rag7+ 1-0

[Event "Plzen, FSB A"]
[Site "?"]
[Date "2004.??.??"]
[Round "1.29"]
[White "Kalista, K."]
[Black "Maurer, J."]
[Result "1/2-1/2"]
[WhiteElo "2019"]
[BlackElo "2198"]
[PlyCount "60"]
[EventDate "2004.??.??"]
[Source "ChessBase"]
[SourceDate "1996.11.15"]

1. d4 Nf6 2. c4 g6 3. Nc3 Bg7 4. e4 d6 5. f3 O-O 6. Bg5 c5 7. Nge2 Nc6 8. Qd2
Qa5 9. Be3 a6 10. dxc5 dxc5 11. Nd5 Nd7 12. Nxe7+ Kh8 13. Nxc6 Qxd2+ 14. Bxd2
bxc6 15. Nc3 f5 16. O-O-O Nb6 17. Be3 Bxc3 18. bxc3 Na4 19. Rd6 fxe4 20. fxe4
Nxc3 21. Rxc6 Nxe4 22. Bxc5 Nxc5 23. Rxc5 Rf2 24. Bd3 Rxa2 25. Re1 Ra1+ 26. Kd2
Rxe1 27. Kxe1 Bb7 28. g3 Rd8 29. Ke2 Rd7 30. Ra5 Kg7 1/2-1/2